Sports Quiz

Random Sports or Country Quiz

Premier League players FIFA countries Quiz Stats

 Plays Quiz not verified by Sporcle

Challenge
Share
Tweet
Embed
Score 0/20 Timer 05:00
0 Plays Today
Player Country % Correct
Francesc FabregasSpain
99.2%
Carlos TevezArgentina
93.1%
Sebastian LarssonSweden
91.9%
Tim CahillAustralia
90.7%
NaniPortugal
89.8%
Michael EssienGhana
87.8%
David JamesEngland
87.8%
Jussi JääskeläinenFinland
86.2%
John CarewNorway
80.9%
Luka ModricCroatia
80.5%
Player Country % Correct
Alessandro DiamantiItaly
78.9%
Kevin DoyleIreland
76.4%
Ryan NelsenNew Zealand
75.2%
Martin SkrtelSlovakia
71.1%
Kenwyne JonesTrinidad and Tobago
61.4%
Zoltan GeraHungary
60.6%
Ricardo FullerJamaica
55.7%
Mario MelchiotNetherlands
54.9%
André BikeyCameroon
45.5%
Steven MoyokoloFrance
11.4%

You're not logged in!

Compare scores with friends on all Sporcle quizzes.
OR
Log In

You Might Also Like...

Show Comments

Extras

Top Quizzes Today


Score Distribution

Your Account Isn't Verified!

In order to create a playlist on Sporcle, you need to verify the email address you used during registration. Go to your Sporcle Settings to finish the process.

Report this User

Report this user for behavior that violates our Community Guidelines.

Details: